000 01006cam a2200253 4500
001 WB3729-10
008 010725n2001 000 0 eng u
035 _a(Sirsi) u113744
245 _aThamesside wharfs to remain industrial
260 _c2001
490 _aProperty Week
_v66(29) 20 July 2001, 7(1)
520 _aGreater London Authority plans to maintain prime Thamesside Wharf sites for industrial use. This has angered developers and local authorities as the sites are favourable for office and residential development. In the London Borough of Newham where seven of the 32 wharfs are located the GLA policy is said to be preventing regeneration.
590 _aWB
650 _aGREATER LONDON AUTHORITY
650 _aPORT OF LONDON AUTHORITY
650 _aLBC NEWHAM
650 _aOFFICE DEVELOPMENT
650 _aRESIDENTIAL DEVELOPMENT
650 _aINDUSTRIAL LAND
650 _aOFFICE USE
650 _aRESIDENTIAL USE
690 _aPROPERTY-PROPERTY DEVELOPMENT
942 _n0
999 _c67769
_d67769